| 000 | 00380cam a2200157ua 4500 | ||
|---|---|---|---|
| 041 |
_aeng _h |
||
| 082 |
_a828.09 _bGRE/SH |
||
| 100 | _aGreg, W W . | ||
| 245 |
_aShakespeare first folio / _cW W Greg. _hTextual Documents |
||
| 250 |
_a1 / _b. |
||
| 260 |
_aLondon : _bOxford University Press , _c1955. |
||
| 300 | _a496 ; . | ||
| 504 | _a | ||
| 942 | _cBK | ||
| 999 |
_c8680 _d8680 |
||